Guide to daywork rates (Record no. 114997)

MARC details
000 -LEADER
fixed length control field 01104cam a22002535a 4500
001 - CONTROL NUMBER
control field L154773
008 - FIXED-LENGTH DATA ELEMENTS--GENERAL INFORMATION
fixed length control field 120118s2012 xxk f 000 0 eng d
020 ## - INTERNATIONAL STANDARD BOOK NUMBER
International Standard Book Number 9781907196409
035 ## - SYSTEM CONTROL NUMBER
System control number (Sirsi) u157849
041 0# - LANGUAGE CODE
Language code of text/sound track or separate title eng
050 04 - LIBRARY OF CONGRESS CALL NUMBER
Classification number 692.5 $2 18
110 2# - MAIN ENTRY--CORPORATE NAME
Corporate name or jurisdiction name as entry element Building Cost Information Service
9 (RLIN) 1096
245 00 - TITLE STATEMENT
Title Guide to daywork rates
Remainder of title calculations of standard hourly base rates for the major trades in England, Scotland and Wales
250 ## - EDITION STATEMENT
Edition statement 27th ed.
260 ## - PUBLICATION, DISTRIBUTION, ETC.
Place of publication, distribution, etc. London
Name of publisher, distributor, etc. BCIS
Date of publication, distribution, etc. 2013
300 ## - PHYSICAL DESCRIPTION
Extent 72p.
Dimensions 30cm.
505 2# - FORMATTED CONTENTS NOTE
Formatted contents note Introduction -- Building operatives -- Plumbing operatives -- Heating and ventilating operatives -- Electrical operatives -- Plumbing operatives (Scotland) -- Electrical operatives (Scotland) -- Appendix A
520 ## - SUMMARY, ETC.
Summary, etc. Gives model calculations of standard hourly base rates, including all 2010 wage awards. Provides coverage for the main trades in England, Wales and Scotland. Includes rates from 2001 to date.
650 24 - SUBJECT ADDED ENTRY--TOPICAL TERM
Topical term or geographic name entry element BCIS GUIDE TO DAYWORK RATES
651 #4 - SUBJECT ADDED ENTRY--GEOGRAPHIC NAME
Geographic name Great Britain
Chronological subdivision 1707-
690 ## - LOCAL SUBJECT ADDED ENTRY--TOPICAL TERM (OCLC, RLIN)
Topical term or geographic name as entry element Cost management
9 (RLIN) 6233
942 ## - ADDED ENTRY ELEMENTS (KOHA)
Suppress in OPAC 0
Holdings
Withdrawn status Lost status Source of classification or shelving scheme Damaged status Not for loan Home library Current library Shelving location Date acquired Total Checkouts Full call number Barcode Date last seen Copy number Price effective from Koha item type
    Dewey Decimal Classification     Archives Archives RICS Boxes 17/12/2013   RICS 2012/1 30075214 06/08/2019 1 06/08/2019 Archive
    Dewey Decimal Classification     London London BCIS/BMI publications 06/06/2013   BCIS 30075213 06/08/2019 2 06/08/2019 Book
    Dewey Decimal Classification     London London Books 06/06/2013   BCIS 30075215 06/08/2019 4 06/08/2019 Book